| 000 | 00725nam a2200265Ia 4500 | ||
|---|---|---|---|
| 003 | OSt | ||
| 005 | 20221006150030.0 | ||
| 006 | a|||||r|||| 00| 0 | ||
| 007 | ta | ||
| 008 | 221006b |||||||| |||| 00| 0 jpn d | ||
| 020 | _c¥4800 | ||
| 024 | _a16,831 | ||
| 037 |
_bGift, Japan Foundation _cTextual |
||
| 040 |
_aEASL _cEASL _bjpn |
||
| 041 |
_2jpn _ajpn |
||
| 082 | _aAv49B.L, M2 | ||
| 100 |
_aYOSHIDA Tadashi etc. Ed. _9655712 |
||
| 245 | 0 | _aHigashi Ajia no kagaku | |
| 260 |
_aTokyo _bKeiso Shobo Japan _c1982 |
||
| 300 |
_a320p. _ccm. |
||
| 490 | _v A JL | ||
| 650 | _aJL | ||
| 942 |
_hAv49B.L, M2 _cTEXL _2CC |
||
| 999 |
_c1084917 _d1084917 |
||